00296nam a2200121Ia 4500008004100000041000800041082001400049100001500063245002300078260003200101300003200133365000900165240624s9999 xx 000 0 und d aeng a650.1 BRU aBRUCE ANNE aBE YOUR OWN MENTOR c2008aNew YorkbMcGraw-Hill axxiv, : 183 : p. : cm. ; 23 cb28